000
00340nam a2200133Ia 4500
008
240624s9999 xx 000 0 und d
041
_a
eng
082
_a
658.8 GOO
100
_a
GOODWIN PAUL
245
_a
PROFIT FROM YOUR FORECASTING SOFTWARE A
260
_c
2018
_a
New Jersey
_b
Wiley
300
_a
xviii, 222 p.; 23 cm.
365
_c
_b
33
999
_c
32377
_d
32377